[Event "Michigan Action"]
[Site "Detroit, MI"]
[Date "1998.12.13"]
[Round "3"]
[White "Wiener, Jack"]
[Black "Mahaffy, Mike"]
[Result "1/2-1/2"]
[WhiteElo "1435"]
[BlackElo "988"]
[PlyCount "113"]
[EventDate "1998.12.13"]

1. d4 d5 2. Nf3 Bg4 3. Bf4 Bxf3 4. gxf3 Nf6 5. Bg2 e6 6. O-O Bd6 7. Bg3 Nc6 8.
c3 O-O 9. Nd2 Re8 10. Bh4 e5 11. e4 Qd7 12. Bxf6 gxf6 13. exd5 Ne7 14. Ne4 Qf5
15. Kh1 Qf4 16. Rg1 exd4 17. Nxd6 Qxd6 18. Qxd4 Nxd5 19. Bh3+ Kf8 20. Rad1 Nf4
21. Qxd6+ cxd6 22. Bf5 Ng6 23. Rxd6 Re2 24. Rxf6 Rxf2 25. Bxg6 hxg6 26. Rgxg6
Rd8 27. Rd6 Rxd6 28. Rxd6 Rxb2 29. h4 Rxa2 30. h5 Ra5 31. h6 Rh5+ 32. Kg2 Kg8
33. f4 Kh7 34. Rf6 Rxh6 35. Rxf7+ Kg8 36. Rxb7 Rc6 37. Rb3 a5 38. Kf3 Rc4 39.
Kg4 a4 40. Ra3 Kf7 41. Kg5 Kg7 42. f5 Kf7 43. Ra2 Rxc3 44. Rxa4 Rg3+ 45. Rg4
Rxg4+ 46. Kxg4 Kf6 47. Kf4 Kf7 48. Ke5 Ke7 49. f6+ Kf7 50. Kf5 Kf8 51. Kg6 Kg8
52. Kf5 Kf7 53. Ke5 Kf8 54. Ke6 Ke8 55. Kf5 Kf7 56. Kg5 Kf8 57. Kg6 1/2-1/2

[Event "Michigan Action"]
[Site "Detroit, MI"]
[Date "1998.12.13"]
[Round "1"]
[White "Wiener, Jack"]
[Black "Finegold, Spencer"]
[Result "1-0"]
[WhiteElo "1435"]
[BlackElo "803"]
[PlyCount "67"]
[EventDate "1998.12.13"]

1. d4 d5 2. c4 e6 3. Nc3 Bb4 4. Bd2 Nc6 5. Nf3 Nf6 6. e3 Bd7 7. a3 Bxc3 8. Bxc3
Ne4 9. cxd5 Nxc3 10. bxc3 exd5 11. Bd3 O-O 12. O-O Bg4 13. Rb1 b6 14. Bc2 Bxf3
15. Qxf3 Rc8 16. Bf5 Rb8 17. Rb5 Ne7 18. Bc2 c6 19. Rb2 Qd6 20. Qh3 h6 21. g4
Qxa3 22. Rb3 Qd6 23. g5 c5 24. Kh1 cxd4 25. Rg1 dxe3 26. gxh6 g6 27. Qxe3 Rbe8
28. Qd4 f6 29. Bxg6 Rd8 30. Bh5+ Kh8 31. Rg7 Nf5 32. Qg4 Nxh6 33. Qg6 Ng8 34.
Qh7# 1-0

[Event "Michigan Action"]
[Site "Detroit, MI"]
[Date "1998.12.13"]
[Round "6"]
[White "West, Aaron"]
[Black "Thompson, Shereece"]
[Result "1-0"]
[WhiteElo "819"]
[BlackElo "765"]
[PlyCount "95"]
[EventDate "1998.12.13"]

1. e4 e5 2. Nf3 Nc6 3. Bc4 Nf6 4. Ng5 d5 5. Nxf7 Kxf7 6. exd5 Nxd5 7. Qf3+ Ke6
8. Nc3 Nd4 9. Bxd5+ Qxd5 10. Qxd5+ Ke7 11. Qxe5+ Be6 12. Nd5+ Kd7 13. Qxd4 Bxd5
14. Qxd5+ Bd6 15. O-O c6 16. Qf5+ Kc7 17. Qf7+ Kb6 18. a4 Rhf8 19. a5+ Kb5 20.
c4+ Kc5 21. Qxb7 Kxc4 22. Qxc6+ Kd4 23. Qc3+ Kd5 24. Qd3+ Ke6 25. Re1+ Kf7 26.
Qxd6 g6 27. Re7+ Kg8 28. Qe6+ Rf7 29. Re8+ Kg7 30. b3 Rxe8 31. Bb2+ Kf8 32.
Bg7+ Rxg7 33. Qd6+ Rge7 34. g3 g5 35. h4 gxh4 36. gxh4 h5 37. Qf6+ Rf7 38. Qh8+
Ke7 39. Re1+ Kd7 40. Qxe8+ Kd6 41. Qxf7 Kc6 42. Re6+ Kb5 43. Qf5+ Kb4 44. Re4+
Kxb3 45. Qf3+ Kc2 46. Qc3+ Kd1 47. Kf1 a6 48. Re1# 1-0

[Event "Michigan Action"]
[Site "Detroit, MI"]
[Date "1998.12.13"]
[Round "1"]
[White "West, Aaron"]
[Black "Grant, Marco"]
[Result "0-1"]
[WhiteElo "819"]
[BlackElo "1494"]
[PlyCount "72"]
[EventDate "1998.12.13"]

1. e4 c5 2. d3 Nc6 3. Nf3 d6 4. Nc3 e6 5. Be2 Nf6 6. d4 cxd4 7. Nxd4 Be7 8. Bb5
Bd7 9. Bg5 Qb6 10. Be3 Qc7 11. Qf3 O-O 12. Qg3 Nxd4 13. Bxd4 e5 14. Be3 Bxb5
15. Nxb5 Qxc2 16. Bc1 Qxe4+ 17. Qe3 Qxg2 18. Rf1 Ng4 19. Qg3 Qe4+ 20. Kd1 Qd5+
21. Ke1 Nxh2 22. Nc7 Nf3+ 23. Ke2 Qe4+ 24. Be3 Nd4+ 25. Ke1 Nc2+ 26. Ke2 Nxa1
27. Nxa8 Qc4+ 28. Ke1 Nc2+ 29. Kd2 Nxe3 30. Qxe3 Qxf1 31. Nc7 Rc8 32. Nd5 Qc1+
33. Ke2 Rc2+ 34. Kf3 Qh1+ 35. Kg4 h5+ 36. Kg3 Bh4# 0-1

[Event "Michigan Action"]
[Site "Detroit, MI"]
[Date "1998.12.13"]
[Round "1"]
[White "Turner, Keita"]
[Black "Norwood, Wayne"]
[Result "1-0"]
[WhiteElo "1894"]
[BlackElo "1013"]
[PlyCount "35"]
[EventDate "1998.12.13"]

1. e4 c5 2. d4 e6 3. Nf3 Nc6 4. d5 exd5 5. exd5 Qe7+ 6. Be3 Ne5 7. Nc3 d6 8.
Bb5+ Bd7 9. O-O Nf6 10. Re1 g6 11. Nxe5 dxe5 12. Bf4 Qd8 13. Bxe5 Be7 14. Bxf6
Bxb5 15. Nxb5 Kd7 16. Qg4+ Ke8 17. d6 Qb6 18. Nc7+ 1-0

[Event "Michigan Action"]
[Site "Detroit, MI"]
[Date "1998.12.13"]
[Round "6"]
[White "Turner, Keita"]
[Black "Hooker, Larry"]
[Result "1-0"]
[WhiteElo "1894"]
[BlackElo "1279"]
[PlyCount "38"]
[EventDate "1998.12.13"]

1. e4 e5 2. Nf3 Nc6 3. Bc4 Bc5 4. d4 Bxd4 5. Nxd4 Nxd4 6. O-O Nf6 7. Nc3 O-O 8.
Bg5 c6 9. a3 Ne6 10. Bh4 Nf4 11. Qd6 Nxe4 12. Nxe4 Qxh4 13. f3 b5 14. g3 Qh3
15. gxf4 bxc4 16. Rf2 exf4 17. Raf1 Qf5 18. Rg2 Qe6 19. Nf6+ Kh8 1-0

[Event "Michigan Action"]
[Site "Detroit, MI"]
[Date "1998.12.13"]
[Round "4"]
[White "Turner, Keita"]
[Black "Ghobrial, Ameer"]
[Result "0-1"]
[WhiteElo "1894"]
[BlackElo "2107"]
[PlyCount "53"]
[EventDate "1998.12.13"]

1. e4 e6 2. d4 d5 3. exd5 exd5 4. Bd3 Nf6 5. Nd2 Bd6 6. Ngf3 O-O 7. O-O Bg4 8.
h3 Bh5 9. c3 c6 10. Re1 Nbd7 11. Nf1 Qc7 12. Ne3 Rfe8 13. g4 Bg6 14. Nf5 Rxe1+
15. Qxe1 Re8 16. Qf1 Bf4 17. Qg2 Ne4 18. Ne3 Ndf6 19. Nh4 Nxf2 20. Bxg6 hxg6
21. Kxf2 Bg3+ 22. Kf3 Qf4+ 23. Ke2 Bxh4 24. Kd3 Qc7 25. Bd2 Ne4 26. Be1 c5 27.
Qh2 0-1

[Event "Michigan Action"]
[Site "Detroit, MI"]
[Date "1998.12.13"]
[Round "3"]
[White "Turner, Keita"]
[Black "Ballicora, Miguel"]
[Result "0-1"]
[WhiteElo "1893"]
[BlackElo "2102"]
[PlyCount "38"]
[EventDate "1998.12.13"]

1. e4 c5 2. d4 cxd4 3. c3 dxc3 4. Nxc3 Nc6 5. Bc4 e6 6. f4 a6 7. Nf3 Bb4 8. O-O
Nge7 9. a3 Bxc3 10. bxc3 d5 11. exd5 exd5 12. Ba2 O-O 13. Bb1 Bf5 14. Bxf5 Nxf5
15. Rb1 b5 16. Ne5 Qf6 17. Qg4 Nfe7 18. Be3 Nxe5 19. fxe5 Qg6 0-1

[Event "Michigan Action"]
[Site "Detroit, MI"]
[Date "1998.12.13"]
[Round "4"]
[White "Thompson, Shereece"]
[Black "Wiener, Jack"]
[Result "0-1"]
[WhiteElo "765"]
[BlackElo "1435"]
[PlyCount "68"]
[EventDate "1998.12.13"]

1. e4 c5 2. Nf3 Nc6 3. Bc4 e6 4. Nc3 d6 5. h3 Be7 6. O-O Nf6 7. d3 O-O 8. Ng5
Ne5 9. Bf4 Ng6 10. d4 Nxf4 11. Qf3 cxd4 12. Qxf4 dxc3 13. Bxe6 Bxe6 14. bxc3
Nh5 15. Qh4 Bxg5 16. Qxh5 Re8 17. Rab1 b6 18. Rb5 f6 19. f4 Bc4 20. Rf5 Bh6 21.
Rf3 Rxe4 22. Rg3 Bxf4 23. Rxf4 Rxf4 24. Rxg7+ Kxg7 25. g3 Bf7 26. Qe2 Rf5 27.
Qg4+ Rg5 28. Qf4 Qe7 29. Qf3 Qe1+ 30. Qf1 Rxg3+ 31. Kh2 Qxf1 32. Kxg3 Rg8 33.
Kh4 Kf8 34. a4 Qf2# 0-1

[Event "Michigan Action"]
[Site "Detroit, MI"]
[Date "1998.12.13"]
[Round "3"]
[White "Thompson, Shereece"]
[Black "Powell, Antione"]
[Result "1/2-1/2"]
[WhiteElo "765"]
[BlackElo "858"]
[PlyCount "57"]
[EventDate "1998.12.13"]

1. e4 e5 2. Nf3 Nc6 3. Bc4 Nd4 4. O-O Nxf3+ 5. Qxf3 Nf6 6. Nc3 Bc5 7. d3 O-O 8.
Bg5 Be7 9. h3 c6 10. Rfe1 d5 11. exd5 cxd5 12. Nxd5 Nxd5 13. Bxd5 Bxg5 14. Rxe5
Re8 15. Bxf7+ Kh8 16. Rxe8+ Qxe8 17. Bxe8 Be6 18. Re1 Rxe8 19. Qxb7 Bd2 20.
Qxa7 Bxe1 21. Kf1 Bg8 22. Qd4 Bxa2 23. Qa7 Bb1 24. c3 Bxd3+ 25. Kg1 Rf8 26. Qa1
Bxf2+ 27. Kh1 Bh4 28. Kg1 h6 29. Qc1 1/2-1/2

[Event "Michigan Action"]
[Site "Detroit, MI"]
[Date "1998.12.13"]
[Round "1"]
[White "Thompson, Dexter"]
[Black "Gillom, Donte"]
[Result "1-0"]
[WhiteElo "2200"]
[BlackElo "1090"]
[PlyCount "75"]
[EventDate "1998.12.13"]

1. e4 b6 2. d4 Bb7 3. Nc3 g6 4. Nf3 Bg7 5. Bc4 c5 6. Be3 e6 7. O-O cxd4 8. Bxd4
Bxd4 9. Qxd4 Nf6 10. e5 Nc6 11. Qd6 Nh5 12. Rad1 Ne7 13. Bb5 Bd5 14. Nxd5 Nxd5
15. c4 Qc7 16. cxd5 Qxd6 17. exd6 Nf6 18. dxe6 fxe6 19. Ne5 Rd8 20. Rfe1 O-O
21. h3 Kg7 22. Rc1 Ne8 23. Nxd7 Rf5 24. Ne5 Nxd6 25. Rc7+ Kh6 26. Bd3 Rff8 27.
Rxa7 Nc8 28. Rd7 Rxd7 29. Nxd7 Rd8 30. Ne5 Rf8 31. Rc1 Ne7 32. g4 Kg5 33. Kg2
Nd5 34. Be4 Nf4+ 35. Kh2 Nd3 36. Rc7 Nxf2 37. Bb7 Nd3 38. h4+ 1-0

[Event "Michigan Action"]
[Site "Detroit, MI"]
[Date "1998.12.13"]
[Round "3"]
[White "Thompson, Dexter"]
[Black "Gentry, Bronson"]
[Result "1-0"]
[WhiteElo "2200"]
[BlackElo "1793"]
[PlyCount "76"]
[EventDate "1998.12.13"]

1. e4 c5 2. d4 cxd4 3. c3 dxc3 4. Nxc3 Nc6 5. Nf3 e6 6. Bc4 a6 7. O-O Nge7 8.
Bg5 Qc7 9. Rc1 Ng6 10. Qe2 Bb4 11. a3 Be7 12. Bxe7 Ngxe7 13. b4 b5 14. Bd3 O-O
15. e5 Ng6 16. Rfe1 Nf4 17. Qe4 Nxd3 18. Qxd3 h6 19. Ne4 Nxe5 20. Nf6+ gxf6 21.
Nxe5 Qd8 22. Ng4 Kg7 23. Qg3 Rh8 24. Nxh6+ Kf8 25. Ng4 Bb7 26. f3 Ke7 27. Qf4
Qb6+ 28. Kf1 e5 29. Nxf6 d6 30. Qg5 Ke6 31. Ng4 Qd8 32. Qe3 f6 33. h3 Rc8 34.
Rcd1 Qc7 35. Qb3+ Qc4+ 36. Qxc4+ Rxc4 37. Rd2 Rc3 38. Red1 d5 1-0

[Event "Michigan Action"]
[Site "Detroit, MI"]
[Date "1998.12.13"]
[Round "1"]
[White "Swathell, Gary"]
[Black "Johnson, Christopher"]
[Result "1-0"]
[WhiteElo "1608"]
[BlackElo "881"]
[PlyCount "138"]
[EventDate "1998.12.13"]

1. c4 c6 2. Nc3 Nf6 3. g3 d5 4. cxd5 cxd5 5. d4 Nc6 6. Bg2 e6 7. Nf3 Bb4 8. O-O
O-O 9. a3 Bd6 10. Bg5 h6 11. Bxf6 Qxf6 12. e3 b6 13. Rc1 Ba6 14. Re1 Rac8 15.
b4 Nxb4 16. axb4 Bxb4 17. Qa4 Bxc3 18. Rxc3 Rxc3 19. Qxa6 Qe7 20. Ra1 Ra8 21.
Ne5 f6 22. Ng6 Qd6 23. Nf4 Rc7 24. Bh3 f5 25. Nd3 Rac8 26. Ne5 Qe7 27. Bf1 Rc1
28. Rxc1 Rxc1 29. Qc8+ Rxc8 30. Ng6 Qb4 31. Kg2 Qe1 32. Ne7+ Kf8 33. Nxc8 a5
34. Nxb6 Qb4 35. Nd7+ Ke8 36. Nc5 a4 37. Na6 Qa5 38. Bb5+ Ke7 39. Bxa4 Qxa4 40.
Nc5 Qa8 41. Nd3 g5 42. Ne5 Kf6 43. Nd7+ Ke7 44. Ne5 Qe8 45. h3 Qh5 46. g4 fxg4
47. hxg4 Qh4 48. Ng6+ Kd6 49. Nxh4 gxh4 50. Kh3 e5 51. dxe5+ Kxe5 52. Kxh4 Kf6
53. Kg3 Kg5 54. f4+ Kf6 55. Kf3 Kf7 56. Ke2 Kf6 57. Kd3 Ke6 58. Kd4 Kd6 59. f5
Ke7 60. Kxd5 Kf6 61. e4 Kf7 62. Kd6 h5 63. gxh5 Ke8 64. h6 Kf7 65. h7 Kg7 66.
f6+ Kxh7 67. f7 Kh6 68. f8=Q+ Kg5 69. Ke5 Kg4 1-0

[Event "Michigan Action"]
[Site "Detroit, MI"]
[Date "1998.12.13"]
[Round "3"]
[White "Swathell, Gary"]
[Black "Gillom, Donte"]
[Result "1-0"]
[WhiteElo "1608"]
[BlackElo "1090"]
[PlyCount "63"]
[EventDate "1998.12.13"]

1. c4 b6 2. g3 Bb7 3. Nf3 e6 4. Bg2 c5 5. O-O d5 6. cxd5 Bxd5 7. Nc3 Bb7 8.
Qa4+ Bc6 9. Qc2 Bd6 10. d4 Nd7 11. Bg5 f6 12. Be3 h6 13. Rad1 cxd4 14. Nxd4
Bxg2 15. Kxg2 e5 16. Qg6+ Ke7 17. Nc6+ Ke6 18. Nxd8+ Rxd8 19. Rxd6+ Kxd6 20.
Rd1+ Kc6 21. Qe4+ Kc7 22. Nb5+ Kb8 23. a4 Ne7 24. a5 f5 25. Qa4 Nc8 26. axb6
Ndxb6 27. Qb3 Rxd1 28. Qxd1 Re8 29. Bxb6 axb6 30. Qd7 Re7 31. Qxf5 e4 32. e3
1-0

[Event "Michigan Action"]
[Site "Detroit, MI"]
[Date "1998.12.13"]
[Round "4"]
[White "Spencer, Tyrone"]
[Black "West, Aaron"]
[Result "0-1"]
[WhiteElo "922"]
[BlackElo "819"]
[PlyCount "80"]
[EventDate "1998.12.13"]

1. e4 e5 2. Nf3 Nc6 3. d4 exd4 4. Bc4 h6 5. c3 dxc3 6. Qd5 Qf6 7. e5 Nb4 8.
exf6 Nxd5 9. fxg7 Bxg7 10. Bxd5 cxb2 11. Bxb2 Bxb2 12. Nc3 Bxc3+ 13. Ke2 Bxa1
14. Rxa1 Ne7 15. Bc4 d5 16. Bd3 Be6 17. Kf1 O-O-O 18. Rb1 Bf5 19. Bxf5+ Nxf5
20. Ne5 Rh7 21. h3 Re8 22. Nd3 Nd6 23. g4 Nc4 24. Kg2 Nb6 25. Kg3 Nc4 26. Nc5
b6 27. Na6 Kd8 28. a4 Re6 29. Rb5 c6 30. Rb3 Rd6 31. a5 Nxa5 32. Ra3 Nc4 33.
Ra2 d4 34. Nb4 d3 35. Rxa7 d2 36. Ra8+ Ke7 37. Ra7+ Ke6 38. Nd3 Rxd3+ 39. Kf4
d1=Q 40. Ra8 Qf3# 0-1

[Event "Michigan Action"]
[Site "Detroit, MI"]
[Date "1998.12.13"]
[Round "1"]
[White "Spencer, Tyrone"]
[Black "Gentry, Loyd"]
[Result "0-1"]
[WhiteElo "922"]
[BlackElo "1697"]
[PlyCount "88"]
[EventDate "1998.12.13"]

1. e4 c5 2. Nf3 Nc6 3. d4 cxd4 4. Nxd4 e6 5. Nc3 Nf6 6. Bb5 Bb4 7. Bd2 Nxd4 8.
e5 Nxb5 9. exf6 Bxc3 10. Bxc3 Nxc3 11. bxc3 Qxf6 12. Qd4 Qg6 13. O-O O-O 14.
Qd3 Qg5 15. Rab1 d5 16. Rb5 a6 17. Rb4 b5 18. f3 Qg6 19. Qe3 f5 20. g4 h5 21.
h3 hxg4 22. fxg4 Bd7 23. Qg3 Rf7 24. Rbf4 Raf8 25. Kh2 fxg4 26. Rxf7 Rxf7 27.
Rxf7 Kxf7 28. Qf4+ Ke7 29. hxg4 Qxc2+ 30. Kh3 Qxc3+ 31. Kh4 Qf6+ 32. Qxf6+ gxf6
33. Kg3 e5 34. Kf2 Bxg4 35. Ke3 Ke6 36. Kd2 f5 37. Ke3 d4+ 38. Kd2 e4 39. Ke1
f4 40. Kd2 Ke5 41. Ke1 e3 42. Kf1 Ke4 43. Ke1 d3 44. Kf1 d2 0-1

[Event "Michigan Action"]
[Site "Detroit, MI"]
[Date "1998.12.13"]
[Round "6"]
[White "Spencer, Tyrone"]
[Black "Bohland, Jonathon"]
[Result "1/2-1/2"]
[WhiteElo "922"]
[BlackElo "1052"]
[PlyCount "66"]
[EventDate "1998.12.13"]

1. e4 c5 2. Nf3 Nc6 3. d4 cxd4 4. Nxd4 d6 5. Bb5 Bd7 6. Bxc6 Bxc6 7. Nc3 Nf6 8.
Nxc6 bxc6 9. O-O g6 10. Qf3 Qd7 11. Rd1 Qg4 12. Qxg4 Nxg4 13. f3 Ne5 14. f4 Nc4
15. b3 Bg7 16. bxc4 Bxc3 17. Rb1 O-O 18. f5 Rab8 19. Bh6 Bg7 20. Bxg7 Kxg7 21.
Rb3 Rb6 22. c5 Rxb3 23. cxb3 Rd8 24. cxd6 Rxd6 25. Rxd6 exd6 26. fxg6 hxg6 27.
Kf2 Kf6 28. Ke3 Ke5 29. g4 g5 30. h3 c5 31. a4 a5 32. Kd3 d5 33. exd5 Kxd5
1/2-1/2

[Event "Michigan Action"]
[Site "Detroit, MI"]
[Date "1998.12.13"]
[Round "1"]
[White "Scott, Tyron"]
[Black "Mahaffy, Mike"]
[Result "1-0"]
[WhiteElo "1345"]
[BlackElo "988"]
[PlyCount "48"]
[EventDate "1998.12.13"]

1. e4 c5 2. d4 cxd4 3. c3 dxc3 4. Nxc3 Nc6 5. Nf3 g6 6. Bc4 e6 7. Qe2 Bg7 8.
Bg5 Qa5 9. O-O Bxc3 10. bxc3 Qxc3 11. Rac1 Qb4 12. e5 d5 13. exd6 Qxd6 14. Rfd1
Qc7 15. Qb2 f6 16. Bxf6 Nxf6 17. Qxf6 Rf8 18. Qh4 Rf4 19. Qg5 Rf5 20. Qd2 a6
21. Nd4 Rh5 22. h3 b5 23. Bxe6 Bxe6 24. Nxe6 Qb7 1-0

[Event "Michigan Action"]
[Site "Detroit, MI"]
[Date "1998.12.13"]
[Round "6"]
[White "Scott, Tyron"]
[Black "Gillom, Donte"]
[Result "0-1"]
[WhiteElo "1345"]
[BlackElo "1090"]
[PlyCount "73"]
[EventDate "1998.12.13"]

1. e4 b6 2. d4 Bb7 3. Bd3 e6 4. f3 c5 5. Be3 d5 6. e5 a6 7. c3 Nd7 8. Ne2 cxd4
9. cxd4 Bb4+ 10. Nbc3 Ne7 11. g4 O-O 12. Rc1 Rc8 13. O-O f5 14. gxf5 Nxf5 15.
Bxf5 Rxf5 16. Ng3 Rf7 17. f4 Qh4 18. Qh5 Qxh5 19. Nxh5 g6 20. Ng3 Bxc3 21. Rxc3
Rxc3 22. bxc3 b5 23. a3 a5 24. Rb1 Bc6 25. Nf1 Nb6 26. Nd2 Nc4 27. Nxc4 dxc4
28. a4 bxa4 29. Rb6 a3 30. Bc1 a2 31. Bb2 Rb7 32. Rxb7 Bxb7 33. Kf2 a4 34. Ke1
a3 35. Ba1 Be4 36. h4 Kg7 37. Kd2 0-1

[Event "Michigan Action"]
[Site "Detroit, MI"]
[Date "1998.12.13"]
[Round "5"]
[White "Sanborn, Richard"]
[Black "Thompson, Shereece"]
[Result "1-0"]
[WhiteElo "1764"]
[BlackElo "765"]
[PlyCount "43"]
[EventDate "1998.12.13"]

1. e4 e5 2. f4 exf4 3. Nf3 Nc6 4. d4 Nf6 5. e5 Ng4 6. Bxf4 d5 7. Bb5 a6 8.
Bxc6+ bxc6 9. O-O Rb8 10. b3 Bb4 11. c3 Be7 12. c4 Bf5 13. Qe2 Be4 14. Nbd2 Bf5
15. Rae1 O-O 16. h3 Nxe5 17. Nxe5 Bd6 18. Nxc6 Qh4 19. Bxd6 cxd6 20. Nxb8 Rxb8
21. Qe8+ Rxe8 22. Rxe8# 1-0

[Event "Michigan Action"]
[Site "Detroit, MI"]
[Date "1998.12.13"]
[Round "1"]
[White "Sanborn, Richard"]
[Black "Ballicora, Miguel"]
[Result "0-1"]
[WhiteElo "1764"]
[BlackElo "2102"]
[PlyCount "84"]
[EventDate "1998.12.13"]

1. e4 c5 2. Nf3 Nc6 3. d4 cxd4 4. Nxd4 Nf6 5. Nc3 d6 6. Be2 e6 7. Be3 Be7 8.
Qd2 a6 9. O-O-O Bd7 10. g4 Nxd4 11. Bxd4 e5 12. Be3 Nxg4 13. Bxg4 Bxg4 14. Rdg1
Bf3 15. Rxg7 Bxh1 16. Qd1 Bxe4 17. Nxe4 Qd7 18. Qd5 Rf8 19. Bb6 Qc6 20. Qxc6+
bxc6 21. Rxh7 Kd7 22. Be3 Ke6 23. Rh6+ f6 24. c4 Rh8 25. c5 Rxh6 26. Bxh6 d5
27. Nd6 Bxd6 28. cxd6 Rh8 29. Bg7 Rg8 30. d7 Kxd7 31. Bxf6 Ke6 32. Bh4 Kf5 33.
Kd2 Ke4 34. Ke2 Rf8 35. Bg3 d4 36. b3 c5 37. Kd2 a5 38. Ke2 a4 39. Kd2 axb3 40.
axb3 Ra8 41. f3+ Kd5 42. f4 e4 0-1

[Event "Michigan Action"]
[Site "Detroit, MI"]
[Date "1998.12.13"]
[Round "2"]
[White "Powell, Chris"]
[Black "Spencer, Tyrone"]
[Result "0-1"]
[WhiteElo "655"]
[BlackElo "922"]
[PlyCount "54"]
[EventDate "1998.12.13"]

1. d4 e6 2. Nc3 Nf6 3. Nf3 Bb4 4. Bg5 h6 5. Bxf6 Qxf6 6. a3 Bxc3+ 7. bxc3 d5 8.
g3 Nd7 9. Bg2 c5 10. O-O cxd4 11. cxd4 O-O 12. c3 b6 13. Nd2 Bb7 14. e4 Rac8
15. exd5 Bxd5 16. c4 Bxg2 17. Kxg2 Qxd4 18. Rb1 f5 19. Rb4 Qd6 20. Kg1 f4 21.
Ne4 Qe5 22. Re1 fxg3 23. Nd6 gxf2+ 24. Kf1 fxe1=B+ 25. Kg2 Rf2+ 26. Kh3 Qxh2+
27. Kg4 Rf4# 0-1

[Event "Michigan Action"]
[Site "Detroit, MI"]
[Date "1998.12.13"]
[Round "4"]
[White "Powell, Chris"]
[Black "Crawford, Brandon"]
[Result "0-1"]
[WhiteElo "655"]
[BlackElo "1005"]
[PlyCount "88"]
[EventDate "1998.12.13"]

1. e4 e5 2. Nf3 Nc6 3. Nc3 Nf6 4. Bb5 Nd4 5. Nxd4 exd4 6. Ne2 Nxe4 7. Nxd4 Bc5
8. Qe2 Qe7 9. Nf5 Qe5 10. Ne3 O-O 11. O-O Bxe3 12. fxe3 Nf6 13. Bd3 d5 14. Qf3
Bg4 15. Qf4 Qxf4 16. exf4 a6 17. h3 Bh5 18. g4 Nxg4 19. hxg4 Bxg4 20. f5 Rfe8
21. Rf4 Be2 22. Bxe2 Rxe2 23. Rg4 Re1+ 24. Kf2 Rae8 25. f6 g6 26. d3 R1e5 27.
Bf4 Rf5 28. Rh1 h5 29. Rgh4 Rxf6 30. c3 g5 31. Rxh5 Rxf4+ 32. Kg3 Re3+ 33. Kg2
Rxd3 34. Rh8+ Kg7 35. R1h7+ Kf6 36. Rh6+ Ke7 37. a3 Rg4+ 38. Kf2 Rgg3 39. Rh5
Rdf3+ 40. Ke2 Kf6 41. R5h6+ Kf5 42. Rf8 Kg4 43. Kd2 Rf2+ 44. Kc1 Rg1# 0-1

[Event "Michigan Action"]
[Site "Detroit, MI"]
[Date "1998.12.13"]
[Round "5"]
[White "Powell, Antione"]
[Black "Mahaffy, Mike"]
[Result "0-1"]
[WhiteElo "858"]
[BlackElo "988"]
[PlyCount "69"]
[EventDate "1998.12.13"]

1. e4 c5 2. Nf3 Nc6 3. d4 cxd4 4. Nxd4 d6 5. Bb5 Bd7 6. Bxc6 Bxc6 7. Nxc6 bxc6
8. O-O g6 9. g3 Bg7 10. Nc3 Qb6 11. Rb1 Nf6 12. Bf4 Nh5 13. Bg5 h6 14. Be3 Qb7
15. Bd4 Bxd4 16. Qxd4 O-O 17. e5 dxe5 18. Qxe5 Rad8 19. Rbd1 Rxd1 20. Rxd1 Qxb2
21. Rb1 Qxc2 22. Rb8 Rxb8 23. Qxb8+ Kh7 24. Qe5 Qc1+ 25. Kg2 Qg5 26. Qxg5 hxg5
27. Ne4 Kh6 28. Kf3 Nf6 29. Nxf6 exf6 30. Ke4 Kh5 31. h3 g4 32. hxg4+ Kxg4 33.
Kd4 Kf3 34. Kc5 Kxf2 35. Kxc6 0-1

[Event "Michigan Action"]
[Site "Detroit, MI"]
[Date "1998.12.13"]
[Round "2"]
[White "Powell, Antione"]
[Black "Bohland, Jonathon"]
[Result "0-1"]
[WhiteElo "858"]
[BlackElo "1052"]
[PlyCount "65"]
[EventDate "1998.12.13"]

1. e4 c5 2. d4 cxd4 3. Qxd4 Nc6 4. Qd1 d6 5. Nf3 Nf6 6. Nc3 g6 7. Bb5 Bd7 8.
O-O a6 9. e5 Nxe5 10. Bxd7+ Nexd7 11. Nd5 Bg7 12. Re1 e6 13. Bg5 O-O 14. Nxf6+
Nxf6 15. Qd2 Re8 16. Rad1 d5 17. b3 Qc7 18. Bxf6 Bxf6 19. Qh6 Qxc2 20. Ng5 Bxg5
21. Qxg5 Qxa2 22. Rd2 Qxb3 23. Rd4 Rac8 24. g3 Qc3 25. Red1 Rc4 26. R4d3 Qa5
27. Rd4 Rxd4 28. Rxd4 Qa1+ 29. Kg2 Qxd4 30. Qc1 Qc4 31. Qb2 b5 32. Qa1 Ra8 33.
Qf6 0-1

[Event "Michigan Action"]
[Site "Detroit, MI"]
[Date "1998.12.13"]
[Round "2"]
[White "Norwood, Wayne"]
[Black "West, Aaron"]
[Result "1-0"]
[WhiteElo "1013"]
[BlackElo "819"]
[PlyCount "62"]
[EventDate "1998.12.13"]

1. e4 e5 2. Nf3 Nc6 3. Bc4 h6 4. Nc3 Nf6 5. d4 exd4 6. Nxd4 Bb4 7. Nxc6 Bxc3+
8. bxc3 bxc6 9. O-O O-O 10. Bd3 d6 11. Ba3 c5 12. Bb5 Bb7 13. e5 Nd5 14. exd6
cxd6 15. c4 Nc3 16. Qd3 Qg5 17. g3 Nxb5 18. cxb5 Qg4 19. f3 Qa4 20. Bb2 d5 21.
Qc3 d4 22. Qxc5 a6 23. Qxd4 Qxd4+ 24. Bxd4 axb5 25. Rab1 Rxa2 26. Rxb5 Ba6 27.
c4 Bxb5 28. cxb5 Rb8 29. b6 Ra5 30. Bf2 Rd5 31. Kg2 Rd2 1-0

[Event "Michigan Action"]
[Site "Detroit, MI"]
[Date "1998.12.13"]
[Round "4"]
[White "Norwood, Wayne"]
[Black "Grant, Marco"]
[Result "0-1"]
[WhiteElo "1013"]
[BlackElo "1494"]
[PlyCount "60"]
[EventDate "1998.12.13"]

1. e4 c5 2. Nf3 d6 3. d4 cxd4 4. Nxd4 Nf6 5. Nc3 a6 6. Bc4 e6 7. Bg5 Be7 8. O-O
b5 9. Nf3 bxc4 10. Bxf6 Bxf6 11. Qd2 O-O 12. Rad1 Be7 13. Qe3 Qc7 14. Nd2 Bb7
15. Nxc4 Rd8 16. Nb6 Ra7 17. Nba4 Nc6 18. Qd2 Raa8 19. Rfe1 Na7 20. Re3 Bg5 21.
h3 Bxe3 22. fxe3 Nb5 23. Nxb5 axb5 24. Nc3 b4 25. Nb5 Qc5 26. Nxd6 Ra6 27. Nxb7
Rxd2 28. Nxc5 Rxd1+ 29. Kf2 Rc6 30. Nd3 Rxc2+ 0-1

[Event "Michigan Action"]
[Site "Detroit, MI"]
[Date "1998.12.13"]
[Round "6"]
[White "Mahaffy, Mike"]
[Black "Jackson, Katrina"]
[Result "1-0"]
[WhiteElo "988"]
[BlackElo "1339"]
[PlyCount "82"]
[EventDate "1998.12.13"]

1. e4 d6 2. f4 e6 3. Nf3 d5 4. exd5 Qxd5 5. Nc3 Qa5 6. Qe2 c6 7. Qe5 Qxe5+ 8.
fxe5 Nd7 9. d4 c5 10. Bb5 cxd4 11. Bxd7+ Bxd7 12. Nxd4 Be7 13. Ndb5 Bxb5 14.
Nxb5 Bb4+ 15. c3 Ba5 16. O-O Bb6+ 17. Kh1 f5 18. Nd6+ Kd7 19. Nf7 Ne7 20. Nxh8
Rxh8 21. Rd1+ Ke8 22. Bf4 Ng6 23. g3 h5 24. Rd3 h4 25. Rad1 hxg3 26. Bxg3 f4
27. Bf2 Nxe5 28. Rd6 Ng4 29. Bxb6 Rxh2+ 30. Kg1 axb6 31. Rd8+ Ke7 32. R1d7+ Kf6
33. Rf8+ Kg6 34. Rg8 Rh7 35. Rxb7 Nf6 36. Rc8 Nd5 37. Rd8 f3 38. Rf8 Rh3 39. c4
Ne3 40. Rxb6 Nd1 41. Rxe6+ Kh7 1-0

[Event "Michigan Action"]
[Site "Detroit, MI"]
[Date "1998.12.13"]
[Round "4"]
[White "Mahaffy, Mike"]
[Black "Grams, Paul"]
[Result "0-1"]
[WhiteElo "988"]
[BlackElo "1700"]
[PlyCount "58"]
[EventDate "1998.12.13"]

1. d4 Nf6 2. c4 g6 3. Nc3 d5 4. e3 Bg7 5. Nf3 O-O 6. cxd5 Nxd5 7. Bc4 Nb6 8.
Qb3 Nxc4 9. Qxc4 Be6 10. Qb4 b6 11. O-O c6 12. Ng5 Bc8 13. b3 e5 14. Nf3 exd4
15. exd4 Qc7 16. Ba3 Rd8 17. Ne2 Bf8 18. Qc3 Bxa3 19. b4 Bxb4 20. Qxb4 a5 21.
Qc3 Na6 22. Rac1 Bb7 23. Ne5 Nb4 24. a3 Na2 25. Qc2 Nxc1 26. Rxc1 c5 27. dxc5
Qxe5 28. cxb6 Rac8 29. Qa2 Rxc1+ 0-1

[Event "Michigan Action"]
[Site "Detroit, MI"]
[Date "1998.12.13"]
[Round "2"]
[White "Jointer, William"]
[Black "Thompson, Dexter"]
[Result "0-1"]
[WhiteElo "1600"]
[BlackElo "2200"]
[PlyCount "64"]
[EventDate "1998.12.13"]

1. d4 Nf6 2. Nc3 c5 3. d5 e6 4. e4 b6 5. Bg5 h6 6. Bh4 g5 7. Bg3 Bg7 8. Nb5
Nxe4 9. Nc7+ Kf8 10. Nxa8 Nxg3 11. hxg3 Bxb2 12. dxe6 Qf6 13. Qd6+ Kg7 14. Rb1
Bc3+ 15. Kd1 dxe6 16. Ne2 Rd8 17. Qd3 c4 18. Nxc3 cxd3 19. Ne4 Qd4 20. Bxd3
Qxe4 21. Re1 Qxa8 22. f3 Ba6 23. Re3 Nc6 24. c4 Bxc4 25. Kc2 Bxd3+ 26. Rxd3
Rxd3 27. Kxd3 Ne5+ 28. Kd4 Qd5+ 29. Kc3 Qd3+ 30. Kb2 Nc4+ 31. Ka1 Qc3+ 32. Rb2
Qxb2# 0-1